[Event "Pojedinacno seniorsko prvenstvo Centraln"]
[Site "Valjevo"]
[Date "2010.11.12"]
[Round "7.1"]
[White "Milanovic, Danilo"]
[Black "Damljanovic, Branko"]
[Result "1/2-1/2"]
[WhiteElo "2521"]
[BlackElo "2551"]
[PlyCount "107"]
[EventDate "2010.11.08"]

1. d4 Nf6 2. c4 g6 3. Nc3 Bg7 4. e4 d6 5. Be2 O-O 6. Bg5 Na6 7. Qd2 e5 8. Nf3
Qe8 9. d5 Bd7 10. O-O Nh5 11. Rae1 f6 12. Bh6 Bxh6 13. Qxh6 Nf4 14. g3 Nh3+ 15.
Kg2 Nb4 16. Nb5 Qc8 17. a3 Na6 18. b4 Qd8 19. Nd2 Ng5 20. Kh1 Qe7 21. Nc3 Nb8
22. f4 Nf7 23. Qh4 a5 24. f5 g5 25. Qh5 axb4 26. axb4 Ra3 27. Qf3 Na6 28. Ra1
Rxa1 29. Rxa1 Nxb4 30. Rb1 Na6 31. Rxb7 Ra8 32. Qf1 Nd8 33. Rb2 Nc5 34. Ra2
Rxa2 35. Nxa2 Ndb7 36. Nb4 Qe8 37. Qa1 Qb8 38. Bd1 Kg7 39. Kg2 Be8 40. Qa3 Kf8
41. Bc2 Nd8 42. Qa5 Qb6 43. Qxb6 cxb6 44. Kf2 g4 45. Nd3 Nxd3+ 46. Bxd3 Nf7 47.
Be2 h5 48. Ke3 Ng5 49. Kd3 Ke7 50. Kc3 Ba4 51. Bd3 Bd1 52. Bc2 Bf3 53. Kd3 Bh1
54. Ke3 1/2-1/2

[Event "Pojedinacno seniorsko prvenstvo Centraln"]
[Site "Valjevo"]
[Date "2010.11.12"]
[Round "7.2"]
[White "Ilic, Dragan M"]
[Black "Savic, Miodrag R"]
[Result "1/2-1/2"]
[WhiteElo "2376"]
[BlackElo "2515"]
[PlyCount "40"]
[EventDate "2010.11.08"]

1. d4 d5 2. Nf3 c6 3. e3 Nf6 4. c4 a6 5. a4 a5 6. Nc3 g6 7. cxd5 cxd5 8. Bb5+
Nbd7 9. O-O Bg7 10. b3 O-O 11. Ba3 Nb8 12. Ne5 Na6 13. Rc1 Be6 14. Bxa6 Rxa6
15. Nb5 Ne8 16. Nd3 Ra8 17. Nf4 Ra6 18. Rc5 Rc6 19. Nxe6 fxe6 20. Qc2 Rxc5
1/2-1/2

[Event "Pojedinacno seniorsko prvenstvo Centraln"]
[Site "Valjevo"]
[Date "2010.11.12"]
[Round "7.3"]
[White "Abramovic, Bosko"]
[Black "Nestorovic, Nikola"]
[Result "1/2-1/2"]
[WhiteElo "2461"]
[BlackElo "2452"]
[PlyCount "90"]
[EventDate "2010.11.08"]

1. d4 Nf6 2. c4 c5 3. d5 b5 4. cxb5 a6 5. bxa6 g6 6. Nc3 Bxa6 7. g3 d6 8. Bg2
Nbd7 9. b3 Bg7 10. Bb2 Qa5 11. Qd2 O-O 12. Nh3 Rfb8 13. O-O c4 14. Nf4 Nc5 15.
Rfd1 Qb6 16. Rab1 cxb3 17. Ba3 Nfd7 18. Bxc5 Nxc5 19. axb3 Qb4 20. Na2 Qxd2 21.
Rxd2 Nxb3 22. Rdd1 g5 23. Nd3 Nd4 24. Rxb8+ Rxb8 25. Bf1 Bxd3 26. Rxd3 Rb1 27.
Nc3 Rc1 28. h3 h5 29. g4 h4 30. Kg2 Nc2 31. Rd1 Ne3+ 32. fxe3 Rxc3 33. Kf3 Be5
34. Ke4 e6 35. Kf3 Kg7 36. Bg2 Ra3 37. Rd3 Ra1 38. e4 Kf6 39. Rb3 Bf4 40. Rd3
Ke5 41. Kf2 Bg3+ 42. Kf3 Rg1 43. Rd2 Rc1 44. Rd3 Rc8 45. Ke3 Bf4+ 1/2-1/2

[Event "Pojedinacno seniorsko prvenstvo Centraln"]
[Site "Valjevo"]
[Date "2010.11.12"]
[Round "7.4"]
[White "Kostic, Vladimir G"]
[Black "Tosic, Miroslav"]
[Result "1/2-1/2"]
[WhiteElo "2440"]
[BlackElo "2413"]
[PlyCount "24"]
[EventDate "2010.11.08"]

1. d4 d5 2. c4 e6 3. Nf3 c5 4. e3 Nf6 5. Nc3 Nc6 6. a3 a6 7. dxc5 Bxc5 8. b4
Bd6 9. cxd5 exd5 10. Bb2 O-O 11. Be2 Re8 12. O-O Bg4 1/2-1/2

[Event "Pojedinacno seniorsko prvenstvo Centraln"]
[Site "Valjevo"]
[Date "2010.11.12"]
[Round "7.5"]
[White "Maksimovic, Branimir"]
[Black "Kojovic, Dragan"]
[Result "1-0"]
[WhiteElo "2421"]
[BlackElo "2371"]
[PlyCount "65"]
[EventDate "2010.11.08"]

1. d4 c5 2. d5 Nf6 3. c4 b5 4. cxb5 a6 5. bxa6 Bxa6 6. Nc3 d6 7. Nf3 g6 8. g3
Bg7 9. Bg2 Nbd7 10. Rb1 Nb6 11. b3 O-O 12. O-O Bc8 13. e4 Ng4 14. Bb2 Ba6 15.
Re1 Ne5 16. Nxe5 Bxe5 17. Qc2 e6 18. dxe6 fxe6 19. Nd1 Nd7 20. f4 Qa5 21. Nf2
Bxb2 22. Qxb2 Bb7 23. Bh3 Kf7 24. a4 Ra6 25. Bf1 Rb6 26. Bc4 d5 27. exd5 exd5
28. Ng4 Re6 29. Nh6+ Ke7 30. Qg7+ Kd6 31. Rxe6+ Kxe6 32. Bb5 Nf6 33. b4 1-0

[Event "Pojedinacno seniorsko prvenstvo Centraln"]
[Site "Valjevo"]
[Date "2010.11.12"]
[Round "7.6"]
[White "Andrijevic, Milan"]
[Black "Radosavljevic, Slobodan D"]
[Result "1-0"]
[WhiteElo "2344"]
[BlackElo "2248"]
[PlyCount "139"]
[EventDate "2010.11.08"]

1. e4 c5 2. Nf3 g6 3. Nc3 Bg7 4. d4 cxd4 5. Nxd4 Nc6 6. Nb3 Nf6 7. Be2 O-O 8.
Be3 d6 9. f4 Be6 10. O-O Rc8 11. Kh1 a6 12. a4 Na5 13. e5 Ne8 14. Bf3 Nc4 15.
Bc1 dxe5 16. Bxb7 Ned6 17. Bxc8 Qxc8 18. fxe5 Nf5 19. Qe1 Bxe5 20. Bf4 Bg7 21.
Rb1 h5 22. Nd2 Nxb2 23. Be5 Nc4 24. Bxg7 Kxg7 25. Nxc4 Qxc4 26. Qe5+ f6 27. Qe2
Rc8 28. Rb6 Bf7 29. Qxc4 Rxc4 30. Rf3 Nd4 31. Rd3 Nxc2 32. Kg1 Nb4 33. Rd7 Nc6
34. Rc7 Be8 35. Nd5 Kf8 36. Rxa6 Rc1+ 37. Kf2 Rc2+ 38. Ke1 Rc5 39. Nf4 Kf7 40.
Kd2 h4 41. Nd3 Rc4 42. Ra8 g5 43. h3 g4 44. hxg4 Rxg4 45. Ne1 Rxg2+ 46. Nxg2 h3
47. Rxe8 hxg2 48. Rexe7+ Nxe7 49. Rc1 Ke6 50. Rg1 Kd5 51. Rxg2 Kc5 52. Kc3 Nd5+
53. Kb3 f5 54. Rc2+ Kb6 55. Rf2 f4 56. Kc4 Ne3+ 57. Kd4 Nf5+ 58. Ke5 Ne7 59.
Ke6 Nc6 60. Kd6 Nb4 61. Rxf4 Ka5 62. Rd4 Nc2 63. Re4 Nb4 64. Kc5 Na6+ 65. Kd5
Nc7+ 66. Kc6 Na6 67. Re2 Nb8+ 68. Kc5 Kxa4 69. Ra2+ Kb3 70. Ra7 1-0

[Event "Pojedinacno seniorsko prvenstvo Centraln"]
[Site "Valjevo"]
[Date "2010.11.12"]
[Round "7.7"]
[White "Cabrilo, Goran"]
[Black "Zivkovic, Vladislav"]
[Result "1/2-1/2"]
[WhiteElo "2450"]
[BlackElo "2220"]
[PlyCount "95"]
[EventDate "2010.11.08"]

1. e4 c6 2. c4 d5 3. exd5 cxd5 4. d4 Nf6 5. Nc3 e6 6. Nf3 Be7 7. cxd5 exd5 8.
Bd3 Nc6 9. h3 O-O 10. O-O h6 11. Bf4 Be6 12. Re1 Re8 13. Rc1 Bf8 14. a3 Rc8 15.
Bb1 g6 16. Ne5 Qb6 17. Nxc6 Rxc6 18. Qd2 Kh7 19. Na4 Qd8 20. Rxc6 bxc6 21. Nc5
Bc8 22. Rc1 Bg7 23. Be3 Qd6 24. Qc3 Nd7 25. Nd3 Bb7 26. a4 Rc8 27. Qd2 Ba6 28.
Bf4 Qf6 29. Ne5 Nxe5 30. Bxe5 Qd8 31. Qf4 Qe7 32. Bxg7 Kxg7 33. Qd2 Bc4 34. Bd3
Bxd3 35. Qxd3 Qb4 36. b3 Rb8 37. Rc3 Qd6 38. g3 Re8 39. Qa6 Re1+ 40. Kg2 Qe6
41. Rf3 Qe2 42. Qxe2 Rxe2 43. Rc3 Rb2 44. Rxc6 Rxb3 45. Ra6 Rb4 46. Rxa7 Rxd4
47. a5 Ra4 48. a6 1/2-1/2

[Event "Pojedinacno seniorsko prvenstvo Centraln"]
[Site "Valjevo"]
[Date "2010.11.12"]
[Round "7.8"]
[White "Kolbert, Engelbert"]
[Black "Tosic, Srecko"]
[Result "0-1"]
[WhiteElo "2141"]
[BlackElo "2318"]
[PlyCount "194"]
[EventDate "2010.11.08"]

1. e4 e6 2. d4 d5 3. Nc3 Bb4 4. e5 Ne7 5. a3 Bxc3+ 6. bxc3 b6 7. a4 Ba6 8. Bxa6
Nxa6 9. a5 Nb8 10. Qd3 Nbc6 11. a6 Na5 12. Nf3 h6 13. Nd2 Nf5 14. O-O Qd7 15.
f4 h5 16. g3 Qc6 17. Kf2 Nc4 18. Nf3 O-O-O 19. Bd2 Qd7 20. Rfe1 Qe8 21. Bc1 Qg8
22. Nd2 Nxd2 23. Bxd2 Qe8 24. Reb1 Qc6 25. Rb4 Nh6 26. Qf3 Nf5 27. Kg2 h4 28.
g4 h3+ 29. Kh1 Ne7 30. Rg1 Rh7 31. Rg3 Rdh8 32. Qd3 g6 33. Kg1 Qd7 34. Qf3 Nc6
35. Rb1 Na5 36. Rb4 c6 37. Be1 Nc4 38. Qd1 Qe7 39. Rd3 f6 40. Qf3 fxe5 41. dxe5
b5 42. Qf1 Qc5+ 43. Bf2 Qf8 44. Bg3 Rf7 45. Qc1 Qc5+ 46. Bf2 Qe7 47. Bg3 Rhf8
48. g5 Qc7 49. Rb1 Kb8 50. Ra1 Nb6 51. Qf1 Rh7 52. Qe2 Qf7 53. Qg4 Nd7 54. Qe2
Nc5 55. Rf3 Ka8 56. Raf1 Qf5 57. Re3 Ne4 58. Be1 Rhf7 59. Bh4 Nc5 60. Bg3 Nd7
61. Ra1 Nb6 62. Rd3 Nc4 63. Rd4 Rh7 64. Ra2 Qf7 65. Ra1 Rb8 66. Qe1 Nb6 67. Qe2
Qf5 68. Rd3 Na4 69. Qf2 Rb6 70. Ra3 Rxa6 71. c4 bxc4 72. Rd1 Rb7 73. Rda1 Rab6
74. Qf1 Nc5 75. Bf2 Qf8 76. Ra5 Rb5 77. Qxh3 Rxa5 78. Rxa5 Ne4 79. Be3 Qg8 80.
Ra6 Rh7 81. Qg4 Qc8 82. Ra1 c5 83. Qf3 Qh8 84. Qg2 Qc8 85. Qg4 Qc6 86. h4 d4
87. Bf2 Nd2 88. Qg2 Nf3+ 89. Kf1 c3 90. Bg3 Qb7 91. Ke2 Qe4+ 92. Kf1 Nd2+ 93.
Kg1 Qxg2+ 94. Kxg2 d3 95. Ra3 Nc4 96. Rxc3 d2 97. Rd3 d1=Q 0-1

[Event "Pojedinacno seniorsko prvenstvo Centraln"]
[Site "Valjevo"]
[Date "2010.11.12"]
[Round "7.9"]
[White "Stojanovic, Dobrisav"]
[Black "Jovanovic, Aleksandar"]
[Result "1-0"]
[WhiteElo "2340"]
[BlackElo "2211"]
[PlyCount "155"]
[EventDate "2010.11.08"]

1. d4 f5 2. e4 fxe4 3. Nc3 Nf6 4. Bg5 Nc6 5. d5 Ne5 6. Qd4 Nf7 7. Bxf6 exf6 8.
Nxe4 f5 9. Ng3 g6 10. O-O-O Bh6+ 11. Kb1 O-O 12. h4 Bg7 13. Qd2 Qf6 14. c3 Rb8
15. Nf3 b5 16. Nd4 Nd6 17. f3 Re8 18. h5 Re5 19. hxg6 hxg6 20. Nb3 Nc4 21. Bxc4
bxc4 22. f4 Re8 23. Nd4 Bb7 24. Nf3 Re7 25. Ne5 d6 26. Nf3 c6 27. dxc6 Bxc6 28.
Ka1 Reb7 29. Rb1 Rb5 30. Nd4 Rd5 31. Qe2 Rxd4 32. cxd4 Qxd4 33. Rhd1 Qxf4 34.
Qe6+ Kf8 35. Qxg6 c3 36. Qxg7+ Kxg7 37. Nh5+ Kf7 38. Nxf4 c2 39. Rxd6 cxb1=Q+
40. Kxb1 Be4+ 41. Kc1 Rc8+ 42. Kd1 Rc2 43. Rd2 Rc7 44. Ke2 Rb7 45. Ke3 Kf6 46.
g3 Bb1 47. Nd5+ Kg5 48. Nc3 Re7+ 49. Kf2 Be4 50. Re2 Kg4 51. Re1 Rb7 52. Re2
Bc6 53. b3 Rh7 54. Re6 Rh2+ 55. Ke3 Ba8 56. Rg6+ Kh3 57. Ne2 Kg2 58. g4 Rh3+
59. Kd2 Kf2 60. gxf5 Be4 61. Nc3 Rd3+ 62. Kc2 Bxf5 63. Rf6 Rf3+ 64. Kb2 Ke3 65.
Nb5 Rf2+ 66. Ka3 a6 67. Rxa6 Bd3 68. Rb6 Rg2 69. Rb8 Rh2 70. Re8+ Kd2 71. Rd8
Kc2 72. Kb4 Rh4+ 73. Rd4 Rh5 74. a4 Bf1 75. Rf4 Bd3 76. Rf2+ Kc1 77. Kc3 Bxb5
78. axb5 1-0

[Event "Pojedinacno seniorsko prvenstvo Centraln"]
[Site "Valjevo"]
[Date "2010.11.12"]
[Round "7.10"]
[White "Vujic, Mihailo"]
[Black "Lakicevic, Budimir"]
[Result "1-0"]
[WhiteElo "2330"]
[BlackElo "2027"]
[PlyCount "85"]
[EventDate "2010.11.08"]

1. e4 c5 2. c3 d5 3. exd5 Qxd5 4. d4 e6 5. Nf3 Nf6 6. Nbd2 cxd4 7. Bc4 Qd6 8.
Nxd4 a6 9. Qe2 Be7 10. Ne4 Nxe4 11. Qxe4 Nd7 12. Bf4 Nf6 13. Qe3 Qc5 14. Bb3
Nd5 15. Bxd5 Qxd5 16. O-O b5 17. Rad1 Bb7 18. Qg3 O-O-O 19. Bb8 Bd6 20. Bxd6
Qxd6 21. Qg4 h5 22. Qe2 Qd5 23. f3 Qc5 24. Kh1 h4 25. b4 Qc4 26. Qxc4+ bxc4 27.
Nc2 h3 28. Ne3 hxg2+ 29. Kxg2 Rh4 30. Rxd8+ Kxd8 31. Kg3 g5 32. f4 Rxf4 33.
Rxf4 gxf4+ 34. Kxf4 f6 35. a3 e5+ 36. Kf5 Ke7 37. Nxc4 Bc8+ 38. Ke4 Bb7+ 39.
Kf5 Bc8+ 40. Kg6 Bh3 41. Ne3 Ke6 42. Kh5 f5 43. Kh4 1-0

[Event "Pojedinacno seniorsko prvenstvo Centraln"]
[Site "Valjevo"]
[Date "2010.11.12"]
[Round "7.11"]
[White "Chelushkina, Irina"]
[Black "Gagic, Miroljub"]
[Result "1-0"]
[WhiteElo "2320"]
[BlackElo "1878"]
[PlyCount "59"]
[EventDate "2010.11.08"]

1. g3 e6 2. Bg2 d5 3. Nf3 Nf6 4. O-O a6 5. d4 b5 6. a4 Bb7 7. Ne5 Nbd7 8. axb5
axb5 9. Rxa8 Qxa8 10. Nxd7 Nxd7 11. Qd3 b4 12. Bf4 c5 13. dxc5 Nxc5 14. Qb5+
Nd7 15. c3 Bc6 16. Qd3 Qb7 17. Bd2 Be7 18. cxb4 O-O 19. Qc2 Bb5 20. Rc1 Bd6 21.
e4 Nb6 22. exd5 exd5 23. Qf5 g6 24. Qf6 Be7 25. Qd4 Rd8 26. Bc3 f6 27. h4 Na4
28. b3 Nxc3 29. Nxc3 Bc6 30. b5 1-0

[Event "Pojedinacno seniorsko prvenstvo Centraln"]
[Site "Valjevo"]
[Date "2010.11.12"]
[Round "7.12"]
[White "Stojkovic, Miroljub"]
[Black "Sorgic, Dragan"]
[Result "1-0"]
[WhiteElo "2242"]
[BlackElo "2308"]
[PlyCount "87"]
[EventDate "2010.11.08"]

1. d4 Nf6 2. Nf3 g6 3. g3 Bg7 4. Bg2 O-O 5. O-O d6 6. c4 Nbd7 7. Nc3 e5 8. e4
a6 9. h3 Rb8 10. a4 a5 11. Be3 b6 12. Qc2 Bb7 13. Rfe1 exd4 14. Bxd4 Re8 15.
Rad1 Qc8 16. Nd5 Ne5 17. Qc3 Nxd5 18. cxd5 c5 19. Bxe5 Bxe5 20. Nxe5 dxe5 21.
Bf1 Ba6 22. d6 Rd8 23. d7 Qb7 24. Qxe5 Bxf1 25. Rxf1 Qc6 26. b3 Qe6 27. Qxe6
fxe6 28. Rd6 Kf7 29. Rfd1 Ke7 30. Kf1 Rb7 31. Ke2 b5 32. Ra6 bxa4 33. bxa4 Rb2+
34. Ke3 Rxd7 35. Rxd7+ Kxd7 36. Rxa5 Rb3+ 37. Kf4 c4 38. Ke5 c3 39. Rc5 Ra3 40.
a5 c2 41. Rxc2 Rxa5+ 42. Kf6 Ra4 43. e5 Ra6 44. Rd2+ 1-0

[Event "Pojedinacno seniorsko prvenstvo Centraln"]
[Site "Valjevo"]
[Date "2010.11.12"]
[Round "7.13"]
[White "Dolovic, Dusko"]
[Black "Stankovic, Ivan G"]
[Result "0-1"]
[WhiteElo "2228"]
[BlackElo "2194"]
[PlyCount "78"]
[EventDate "2010.11.08"]

1. d4 g6 2. Nf3 Bg7 3. Bf4 d6 4. e3 Nd7 5. Bg3 e5 6. Bc4 e4 7. Bh4 Bf6 8. Bxf6
Ngxf6 9. Nfd2 Nb6 10. Be2 h5 11. c4 Qe7 12. Nc3 c5 13. dxc5 dxc5 14. Na4 Nxa4
15. Qxa4+ Bd7 16. Qa5 O-O 17. Qc7 Rfc8 18. Qf4 Kg7 19. O-O-O b5 20. cxb5 c4 21.
Nb1 Rab8 22. Qd6 Qe8 23. Nc3 Bxb5 24. Qf4 Bd7 25. Rd6 Be6 26. Qe5 Qe7 27. Nd5
Qxd6 28. Qxd6 Nxd5 29. Kb1 c3 30. b3 c2+ 31. Kb2 Nb4 32. Rc1 Nxa2 33. Qe5+ Kg8
34. Kxa2 Bxb3+ 35. Ka1 Rb4 36. Kb2 Be6+ 37. Ka3 Rb3+ 38. Ka4 Rb1 39. Rxc2 Rxc2
0-1

[Event "Pojedinacno seniorsko prvenstvo Centraln"]
[Site "Valjevo"]
[Date "2010.11.12"]
[Round "7.14"]
[White "Markovic, Dragan P"]
[Black "Colovic, Zoran"]
[Result "1-0"]
[WhiteElo "2209"]
[BlackElo "2215"]
[PlyCount "77"]
[EventDate "2010.11.08"]

1. e4 c5 2. c3 Nf6 3. e5 Nd5 4. d4 cxd4 5. Nf3 d3 6. Bxd3 Nc6 7. O-O Qc7 8. Re1
e6 9. c4 Ndb4 10. Bf1 d6 11. a3 Na6 12. exd6 Bxd6 13. Nc3 Be7 14. b4 Nd8 15.
Nb5 Qb8 16. g3 Bd7 17. Bf4 Qc8 18. Bd6 f6 19. Bxe7 Kxe7 20. Nd6 Qc7 21. Nd4 Kf8
22. N4b5 Qb8 23. Bg2 Bc6 24. Bxc6 bxc6 25. Nd4 Qxd6 26. Nxe6+ Qxe6 27. Rxe6
Nxe6 28. Qd6+ Kf7 29. Qd7+ Kg6 30. Qxe6 Rac8 31. Qg4+ Kh6 32. Qh4+ Kg6 33. Qe4+
Kh6 34. Qe3+ Kg6 35. Qxa7 Nc7 36. Re1 h5 37. Re7 Ne8 38. Qd7 Rc7 39. Qd3+ 1-0

[Event "Pojedinacno seniorsko prvenstvo Centraln"]
[Site "Valjevo"]
[Date "2010.11.12"]
[Round "7.15"]
[White "Zivanovic, Bojan"]
[Black "Jokic, Miodrag"]
[Result "0-1"]
[WhiteElo "1941"]
[BlackElo "2087"]
[PlyCount "130"]
[EventDate "2010.11.08"]

1. e4 d6 2. d4 Nf6 3. Nc3 g6 4. f4 Bg7 5. Nf3 O-O 6. Be2 c5 7. dxc5 Qa5 8. Bd3
Qxc5 9. Qe2 Bg4 10. Be3 Qa5 11. O-O Nc6 12. h3 Bxf3 13. Qxf3 Nb4 14. a3 Nxd3
15. cxd3 Rac8 16. d4 e6 17. Rad1 d5 18. e5 Nd7 19. Rf2 f5 20. Bd2 Kh8 21. g4
Qb6 22. Be3 Qb3 23. Rdf1 Nb6 24. Qd1 Qxd1 25. Rxd1 Nc4 26. Bc1 Rc6 27. Na4 Rfc8
28. Rc2 Nxe5 29. Rxc6 Nxc6 30. Be3 b5 31. Nc3 a6 32. g5 Na5 33. Rd3 Nc4 34. Bc1
Kg8 35. Kf2 Na5 36. Be3 Kf7 37. Ke1 Nc4 38. Bc1 h6 39. h4 hxg5 40. hxg5 Rh8 41.
Ne2 Rh1+ 42. Kf2 Rh2+ 43. Ke1 Ke7 44. b3 Nd6 45. Ng3 Kd7 46. Be3 Ra2 47. b4 Nc4
48. Bc1 Rh2 49. Ne2 Bf8 50. Kf1 Bd6 51. Ng1 Ke7 52. Ke1 Kf7 53. Rh3 Rxh3 54.
Nxh3 a5 55. bxa5 Nxa5 56. Ng1 Nc4 57. Ne2 Nxa3 58. Kd2 b4 59. Kd3 Ke7 60. Bd2
Kd7 61. Nc1 Nc4 62. Ne2 Nxd2 63. Kxd2 Kc6 64. Kc2 Kb5 65. Kb3 Bc7 0-1

[Event "Pojedinacno seniorsko prvenstvo Centraln"]
[Site "Valjevo"]
[Date "2010.11.12"]
[Round "7.17"]
[White "Novakovic, Slobodan"]
[Black "Radovanovic, Zoran Z"]
[Result "1-0"]
[WhiteElo "2203"]
[BlackElo "2096"]
[Annotator ",lidija.glx"]
[PlyCount "163"]
[EventDate "2010.11.08"]

1. c4 c5 2. Nc3 Nc6 3. Nf3 g6 4. d4 cxd4 5. Nxd4 Bg7 6. Nc2 Nf6 7. e4 O-O 8.
Be2 d6 9. O-O Be6 10. Be3 a6 11. f3 Rc8 12. Nd5 Nd7 13. Rb1 f6 14. Qd2 Bf7 15.
Rfd1 Re8 16. Na3 e6 17. Nc3 Bf8 18. Bf1 Qc7 19. Rbc1 Qa5 20. Kh1 h5 21. Bh6 Be7
22. Be3 h4 23. h3 g5 24. c5 Nxc5 25. Nc4 Qc7 26. Nxd6 Bxd6 27. Qxd6 Qxd6 28.
Rxd6 Ne5 29. Rcd1 Rc7 30. Rb6 Ncd7 31. Rb4 Nc6 32. Ra4 Rd8 33. Kg1 Nde5 34.
Rxd8+ Nxd8 35. Bb6 Rd7 36. Rd4 Rxd4 37. Bxd4 Ndc6 38. Bb6 Kf8 39. Na4 Nd7 40.
Be3 e5 41. Nc5 Nxc5 42. Bxc5+ Ke8 43. b3 Kd7 44. Kf2 Be6 45. Bd3 Nd8 46. Ke3
Nf7 47. Kd2 Nd6 48. Kc3 Kc6 49. Be3 a5 50. a4 b6 51. b4 Bf7 52. Bc1 Be6 53. Ba3
Bf7 54. Bc2 Be6 55. Bb3 Bd7 56. Bc1 Kc7 57. Bd2 Bc6 58. Kb2 Nb7 59. Ka3 Kd6 60.
Bc4 axb4+ 61. Kxb4 Nc5 62. Bb5 Bb7 63. Kc4 Bc8 64. Bb4 Be6+ 65. Kc3 Bc8 66. Ba3
Be6 67. Kb4 Bc8 68. a5 Kc7 69. Kc4 Be6+ 70. Kc3 Bc8 71. Bb4 Be6 72. Kb2 Bc8 73.
Ka3 Bb7 74. Bc3 bxa5 75. Bxa5+ Kc8 76. Bb4 Nd7 77. Be7 Kc7 78. Kb4 Bc6 79. Ka5
Kb7 80. Bd8 Kc8 81. Be7 Kc7 82. Bb4 {(zvonio mobilni)} 1-0

[Event "Pojedinacno seniorsko prvenstvo Centraln"]
[Site "Valjevo"]
[Date "2010.11.12"]
[Round "7.18"]
[White "Kostic, Dusan"]
[Black "Milosevic, Rade"]
[Result "1/2-1/2"]
[WhiteElo "2027"]
[BlackElo "2122"]
[PlyCount "22"]
[EventDate "2010.11.08"]

1. c4 e5 2. Nc3 f5 3. g3 Nc6 4. Bg2 d6 5. d3 Nf6 6. Nf3 Be7 7. O-O O-O 8. Rb1
Qe8 9. b4 Qh5 10. b5 Nd8 11. a4 Ne6 1/2-1/2

[Event "Pojedinacno seniorsko prvenstvo Centraln"]
[Site "Valjevo"]
[Date "2010.11.12"]
[Round "7.19"]
[White "Cvijetic, Vladimir"]
[Black "Manojlovic, Selimir"]
[Result "0-1"]
[WhiteElo "1876"]
[BlackElo "2114"]
[PlyCount "94"]
[EventDate "2010.11.08"]

1. d4 Nf6 2. Nf3 e6 3. c4 Bb4+ 4. Nbd2 O-O 5. e3 b6 6. Be2 Bb7 7. O-O Ne4 8. a3
Be7 9. Nxe4 Bxe4 10. Nd2 Bb7 11. b3 f5 12. Bb2 Bf6 13. Qc2 Qe8 14. Bf3 Bxf3 15.
Nxf3 Qg6 16. Rad1 d6 17. Rfe1 Nd7 18. e4 fxe4 19. Qxe4 Qxe4 20. Rxe4 Rfe8 21.
Rde1 Kf7 22. Ba1 Re7 23. g3 Rae8 24. Kg2 a6 25. h4 h6 26. b4 d5 27. cxd5 exd5
28. Rxe7+ Rxe7 29. Rxe7+ Kxe7 30. Ne1 c5 31. bxc5 bxc5 32. Nc2 Kd6 33. Kf3 Kc6
34. Ke3 Kb5 35. Kd3 c4+ 36. Kd2 a5 37. Ne3 Nb6 38. Kc2 Ka4 39. Bb2 Be7 40. h5
Kb5 41. Nf5 Bf8 42. f4 Nd7 43. Ne3 Nf6 44. g4 Bd6 45. g5 Nxh5 46. gxh6 gxh6 47.
f5 Nf6 0-1

[Event "Pojedinacno seniorsko prvenstvo Centraln"]
[Site "Valjevo"]
[Date "2010.11.12"]
[Round "7.20"]
[White "Grujicic, Zoran"]
[Black "Svicevic, Mirko"]
[Result "1-0"]
[WhiteElo "2053"]
[BlackElo "1776"]
[Annotator ",lidija.glx"]
[PlyCount "26"]
[EventDate "2010.11.08"]

1. Nf3 Nf6 2. d4 d5 3. Bf4 Nh5 4. Bd2 Nf6 5. g3 Nc6 6. Bg2 Bg4 7. h3 Bxf3 8.
Bxf3 Nxd4 9. Bg2 c5 10. O-O e5 11. c4 dxc4 12. Bxb7 Rb8 13. Bg2 Rxb2 {(necitko)
} 1-0